000 00509cam a2200193ua 4500
001 5002
008 120229n enk |||gr||||Z||||||eng
020 _a0-7134-2698-5
020 _a0-7134-2699-3
040 _cMAIN
082 _a823
100 _aSmith, Grahame,
_eAuthor.,
245 1 1 _aNovel & society defoe to george eliot
_cby Grahame Smith
250 _a1st.
260 _aLondon:
_bBatsford academic and educational ltd.,
_c1984.
300 _a240p:
_c23cm.
653 _aEnglish fiction
942 _cBK
999 _c4186
_d4186